| 000 | 00718nam a22002537a 4500 | ||
|---|---|---|---|
| 003 | DO-SdBNP | ||
| 005 | 20250606140458.0 | ||
| 007 | ta | ||
| 008 | 210420e2020 dr ||||er|||| 001 0 spa d | ||
| 020 | _a9789945220841 | ||
| 040 |
_aDO-SdBNP _bspa _cBNPHU _erda |
||
| 041 | _hspa | ||
| 082 | 4 |
_a158.1 _bL937v _222 |
|
| 100 | 1 |
_aLuciano, Teresa _978439 |
|
| 245 | 1 | 0 |
_aVíctima o protagonista / _cTeresa Luciano. |
| 260 |
_aSanto Domingo : _bBúho, _c2020. |
||
| 300 |
_a93 p. ; _c20 cm. |
||
| 590 | _aInventariado, 2021/MFF | ||
| 650 | 4 |
_aAutoayuda y superación _913110 |
|
| 650 | 4 |
_aÉxito _9394 |
|
| 650 | 0 |
_aAutorrealización (Psicología) _9211 |
|
| 910 | _aValidado. Control de calidad MFF | ||
| 942 |
_2ddc _cLBS1 |
||
| 999 |
_c49759 _d49759 |
||